Nacer y morir con dignidad: bioética
保存先:
| 第一著者: | |
|---|---|
| フォーマット: | 図書 |
| 言語: | スペイン語 |
| 出版事項: |
Buenos Aires
Corporación de Abogados Católicos
1991
|
| 版: | 3a. ed |
| 主題: | |
| タグ: |
タグ追加
タグなし, このレコードへの初めてのタグを付けませんか!
|
MARC
| LEADER | 00000nam a2200000 a 4500 | ||
|---|---|---|---|
| 001 | UCX8783 | ||
| 003 | CL-VaPUC | ||
| 008 | 940427e19910000AG |||||||||||||||||spa|d | ||
| 082 | 0 | 4 | |a 174.9 |b BAS |2 21 |
| 100 | 0 | |a Basso, Domingo M |e author |9 325978 | |
| 245 | 1 | 0 | |a Nacer y morir con dignidad: bioética |
| 250 | |a 3a. ed | ||
| 300 | |a 504 p | ||
| 942 | |c BK | ||
| 945 | |d 19940427 00:00:00 |a aalvarez | ||
| 260 | |a Buenos Aires |b Corporación de Abogados Católicos |c 1991 | ||
| 650 | 0 | |a Bioética |9 256117 | |
| 650 | 0 | |a Aspectos morales |9 256217 | |
| 583 | |a last modification |c 20180327 03:31:29 |k Rodrigo Vera | ||
| 999 | |c 228182 |d 228180 | ||
| 952 | |0 0 |1 0 |4 0 |6 174_900000000000000_BAS_1991 |7 0 |8 DER_TF |9 227951 |a BIBDER |b BIBDER |d 2019-11-15 |i 2971879 |l 1 |o 174.9 BAS 1991 |p 2971879 |r 2023-01-25 |s 2020-03-17 |w 2019-11-15 |x Ubicación 4to Piso |y BK |z Estos recursos deben solicitarse con anticipación |k DER | ||